书目信息 |
| 题名: |
外贸七日通
|
|
| 作者: | 黄海涛 著 | |
| 分册: | ||
| 出版信息: | 北京 中国海关出版社 2008 |
|
| 页数: | 162页 | |
| 开本: | 24cm | |
| 丛书名: | ||
| 单 册: | ||
| 中图分类: | F740.4 | |
| 科图分类: | ||
| 主题词: | 对外贸易--基本知识 , 对外贸易 | |
| 电子资源: | ||
| ISBN: | 978-7-80165-397-0 | |
| 000 | 01019nam0 2200277 45 | |
| 001 | 1050919265 | |
| 005 | 20100415170533.46 | |
| 010 | @a978-7-80165-397-0@dCNY22.00 | |
| 100 | @a20100413d2008 em y0chiy50 ea | |
| 101 | 0 | @achi |
| 102 | @aCN@b110000 | |
| 105 | @ay z 000yy | |
| 106 | @ar | |
| 200 | 1 | @a外贸七日通@AWai Mao Qi Ri Tong@f黄海涛著@FHuang Hai Tao Zhu |
| 205 | @a3版 | |
| 210 | @a北京@c中国海关出版社@d2008 | |
| 215 | @a162页@d24cm | |
| 312 | @a封面英文题名:International business in seven days | |
| 330 | @a本书以实际操作为范例,以“现学现用”为选材原则,分七章介绍,包括进出口权问题、外贸基础知识和最新知识、网上外贸及市场开发的具体操作、外贸单证的处理以及事故应对、国际货款结算、信用证审核与应用、国际货物运输操作等内容。 | |
| 510 | 1 | @aInternational business in seven days@zeng |
| 606 | 0 | @a对外贸易@x基本知识 |
| 606 | 0 | @a对外贸易 |
| 690 | @aF740.4@v4 | |
| 701 | 0 | @a黄海涛@AHuang Hai Tao@c(对外贸易)@4著 |
| 801 | 0 | @aCN@bTANGWEI@c20100415 |
| 905 | @b0591759-62@dF740.4@e120=3@f4 | |
| 外贸七日通/黄海涛著.-3版.-北京:中国海关出版社,2008 |
| 162页;24cm |
| ISBN 978-7-80165-397-0:CNY22.00 |
| 本书以实际操作为范例,以“现学现用”为选材原则,分七章介绍,包括进出口权问题、外贸基础知识和最新知识、网上外贸及市场开发的具体操作、外贸单证的处理以及事故应对、国际货款结算、信用证审核与应用、国际货物运输操作等内容。 |
| ● |
| 相关链接 |
|
|
|
|
正题名:外贸七日通
索取号:F740.4/120=3
 
预约/预借
| 序号 | 登录号 | 条形码 | 馆藏地/架位号 | 状态 | 备注 |
| 1 | 0591759 | 205917597 | 第一样本阅览室/ [索取号:F740.4/120=3] | 在馆 | |
| 2 | 0591760 | 205917604 | 密集书库-海洋学院/ [索取号:F740.4/120=3] | 在馆 | |
| 3 | 0591761 | 205917613 | 第一借阅区/ [索取号:F740.4/120=3] | 在馆 | |
| 4 | 0591762 | 205917622 | 第一借阅区/ [索取号:F740.4/120=3] | 在馆 |